000 00570cam a22002053a 4500
001 35313
003 PGUSA
005 20140828083748.0
008 110218s2011||||xxu|||||s|||||000 | eng d
040 _aPGUSA
_beng
042 _adc
100 1 _aDavidson, John,
_d1857-1909
245 1 2 _aA Practical Novelist
_h[electronic resource] /
_cJohn Davidson
260 _bProject Gutenberg,
_c2011
506 _aPublic domain in the USA.
516 _aElectronic text
830 0 _aProject Gutenberg
_v35313
856 4 0 _uhttp://www.gutenberg.org/ebooks/35313
942 _cEB
999 _c264568
_d264568